Corporate Logos VIII Quiz Stats

 Plays Quiz not verified by Sporcle

Score 0/30 Timer 06:00
3 Plays Today
Logo % Correct
Lego
97.3%
Twitter
97%
Instagram
87.8%
Netflix
87.2%
Kellogg's
84.5%
Major League Baseball
81.2%
PayPal
80.5%
LinkedIn
78.6%
Best Buy
77.7%
Porsche
74.6%
Rolls Royce
71.4%
Arby's
68.9%
Miami Heat
68.7%
Dolce & Gabbana
68.4%
Uncle Ben's
68.3%
Logo % Correct
Chick-fil-A
68%
FC Barcelona
66.4%
WhatsApp
63%
Pittsburgh Steelers
62.9%
Bridgestone
62.1%
Electronic Arts
59.2%
Renault
52.6%
Skechers
47.8%
American Eagle Outfitters
46.4%
Armani
45.3%
Airbnb
43.1%
Twitch
39%
World Health Organization
28.4%
Emirates
25.5%
Santander
24%

You're not logged in!

Compare scores with friends on all Sporcle quizzes.
OR
Log In

Show Comments

Extras

Top Quizzes Today


Score Distribution

Your Account Isn't Verified!

In order to create a playlist on Sporcle, you need to verify the email address you used during registration. Go to your Sporcle Settings to finish the process.

Report this User

Report this user for behavior that violates our Community Guidelines.

Details: